[Event "Kashem Chowdhury Rating-A 2019"]
[Site "Dhaka"]
[Date "2019.05.08"]
[Round "5.9"]
[White "Avik, Sarker"]
[Black "Abdul, Momin"]
[Result "1/2-1/2"]
[WhiteElo "2000"]
[BlackElo "2037"]
[Annotator "NA RC"]
[PlyCount "122"]
[EventDate "2019.05.04"]
[EventType "swiss"]
[EventCountry "BAN"]
[SourceTitle "playchess.com"]
[Source "ChessBase"]
[SourceQuality "1"]
[TimeControl "5400+30"]

{[%evp 8,75,12,0,13,12,15,-1,11,10,36,32767,32767,7,18,-4,32767,-27,-35,-66,-45,-59,32767,-122,-115,-233,-237,-370,-376,-513,-414,-756,-221,-220,-75,-112,-88,-117,-49,-194,-183,-163,-168,-358,-358,-462,-483,-457,-495,-637,-347,-530,-638,-656,-531,-513,-535,-567,-224,-222,-235,-257,-118,-226,-92,-105,32767,-279,-354,-293]} 1. d4 {[%emt 0:01:25]} d5 {[%emt 0:14:20]} 2. Bf4 {[%emt 0:00:19]} e6 {[%emt 0:00:12]} 3. e3 {[%emt 0:00:13]} Nf6 {[%emt 0:00:29]} 4. Nd2 {[%emt 0:00:47]} c5 {[%emt 0:01:03]} 5. c3 {[%emt 0:00:02]} Nbd7 {[%emt 0:01:51]} 6. Bd3 {[%emt 0:00:45]} Be7 {[%emt 0:01:02]} 7. Ngf3 {[%emt 0:00:42]} b6 {[%emt 0:01:05]} 8. Ne5 {[%emt 0:02:21]} Nxe5 {[%emt 0:00:36] D02: 1 d4 d5 2 Nf3 sidelines, including 2...Nf6 3 g3 and 2...Nf6 3 Bf4} 9. Bxe5 {[%emt 0:03:13]} (9. dxe5 Nd7 10. Bg3 Bb7 11. f4 d4 12. Be4 Bxe4 13. Nxe4 dxe3 14. Qe2 Qc7 15. Qxe3 Qc6 {0-1 (59) Hoang,T (2410)-Buksa,N (2385) Riadh 2017}) 9... O-O {[%emt 0:00:39]} 10. Qf3 {[%emt 0:09:58]} a5 $146 {[%emt 0:04:36]} ({Predecessor:} 10... cxd4 11. exd4 Bd6 12. Qh3 h6 13. f4 Bb7 14. O-O {½-½ (36) Ereza Vizcarra,F (2054)-San Lazaro Lorente,D (1846) Aragon 2018}) 11. Qh3 {[%emt 0:05:49]} Ba6 {[%emt 0:04:53]} 12. Bc2 {[%emt 0:04:24]} g6 {[%emt 0:04:17]} 13. Qh6 {[%emt 0:07:34]} Re8 {[%emt 0:12:29]} 14. g4 {[%emt 0:09:15]} Bf8 {[%emt 0:49:28]} 15. Qf4 {[%emt 0:06:54]} (15. Qh4 $15 Nd7 16. Qxd8 Raxd8 17. Nf3) 15... Nd7 {[%emt 0:02:04]} 16. Bc7 {[%emt 0:07:39] [#]} (16. g5 $17 {was called for.}) 16... Qe7 $1 {[%emt 0:00:56]} 17. g5 {[%emt 0:37:10] [#]} (17. O-O-O {might work better.}) 17... cxd4 $1 {[%emt 0:00:52]} 18. cxd4 {[%emt 0:08:53]} Rac8 {[%emt 0:03:47]} 19. Ba4 {[%emt 0:02:14]} (19. Bb3 $142 Qb4 20. a4) 19... b5 $2 {[%emt 0:02:07]} (19... e5 20. Bxe5 Qb4) 20. Bd1 {[%emt 0:26:54]} Qb4 $2 {[%emt 0:08:25]} (20... Nc5 $19 21. dxc5 Rxc7) 21. Rb1 {[%emt 0:02:18] [#]} e5 $1 {[%emt 0:03:33]} 22. Bxe5 {[%emt 0:00:55]} a4 {[%emt 0:01:41]} 23. a3 {[%emt 0:02:15] [#]} (23. Bc7 $17) 23... Nxe5 $3 {[%emt 0:02:28]} 24. dxe5 {[%emt 0:02:39] [#]} Qa5 $1 {[%emt 0:00:28]} 25. e4 $2 {[%emt 0:05:40]} (25. h4) 25... Bg7 {[%emt 0:04:54]} 26. O-O {[%emt 0:01:33]} Bxe5 {[%emt 0:00:15]} 27. Qe3 {[%emt 0:00:41]} d4 {[%emt 0:21:31]} 28. Qe1 {[%emt 0:01:29]} (28. Qd3 $142 Bf4 {[%mdl 64] Double Attack} 29. Nf3) 28... b4 {[%emt 0:02:03]} 29. f4 {[%emt 0:13:52]} (29. axb4 {was called for.} Qxb4 30. Nf3) 29... Bxf1 {[%emt 0:00:34]} 30. Qxf1 {[%emt 0:00:09]} Bb8 {[%emt 0:01:12]} 31. e5 {[%emt 0:01:59]} bxa3 {[%emt 0:00:33]} 32. Ne4 {[%emt 0:00:34]} h5 {[%emt 0:06:07]} (32... a2 $142 33. Nf6+ Kf8) 33. Nf6+ {[%emt 0:03:51] [#]} Kf8 $1 {[%emt 0:01:07]} 34. Nxe8 {[%emt 0:00:30] [#]} a2 {[%emt 0:01:41]} (34... axb2 $1 $19 35. Rxb2 a3) 35. Ra1 {[%emt 0:00:21]} Rxe8 {[%emt 0:02:36]} (35... Kxe8 $19 {and Black stays clearly on top.} 36. Rxa2 Qd2) 36. Rxa2 {[%emt 0:00:26] [#]} Qd2 {[%emt 0:09:44]} ({Better is} 36... d3 $1 $17 {[%mdl 512]} 37. Rxa4 (37. Qxd3 Rd8) 37... Ba7+ 38. Kh1 Qb6) 37. Bxa4 $2 {[%emt 0:02:27]} (37. Ra1 $15) 37... Rc8 {[%emt 0:00:20]} 38. Ra1 {[%emt 0:00:28]} Qxb2 {[%emt 0:00:52]} 39. Rb1 {[%emt 0:01:31]} Qa3 {[%emt 0:09:39]} 40. Bb3 {[%emt 0:02:19]} Ba7 {[%emt 0:00:32]} 41. Kg2 {[%emt 0:01:08]} h4 {[%emt 0:01:18]} 42. e6 {[%emt 0:01:06]} fxe6 {[%emt 0:00:31]} 43. Bxe6 {[%emt 0:00:22]} Rc2+ {[%emt 0:00:11]} 44. Kh1 {[%emt 0:00:19]} Qd6 {[%emt 0:00:41]} 45. Bh3 {[%emt 0:00:47]} d3 {[%emt 0:00:23]} 46. Qf3 {[%emt 0:00:31]} Qc6 {[%emt 0:01:19]} 47. Qxc6 {[%emt 0:00:24]} Rxc6 {[%emt 0:00:01]} 48. Rd1 {[%emt 0:00:20]} Rc3 {[%emt 0:00:42]} 49. Bf1 {[%emt 0:00:27]} Be3 {[%emt 0:00:17]} 50. Rxd3 {[%emt 0:00:30]} Rc1 {[%emt 0:00:52]} 51. Rxe3 {[%emt 0:00:24]} Rxf1+ {[%emt 0:00:02]} 52. Kg2 {[%emt 0:00:08]} Rxf4 {[%emt 0:00:56]} 53. Rf3 {[%emt 0:00:15]} h3+ {[%emt 0:01:30]} 54. Kg3 {[%emt 0:00:16]} Rxf3+ {[%emt 0:01:20]} 55. Kxf3 {[%emt 0:00:05]} Ke7 {[%emt 0:00:21]} 56. Kg4 {[%emt 0:01:27]} Ke6 {[%emt 0:00:21]} 57. Kf4 {[%emt 0:00:53]} Kd5 {[%emt 0:00:16]} 58. Kg4 {[%emt 0:00:17]} Ke4 {[%emt 0:00:17]} 59. Kxh3 {[%emt 0:00:14]} Kf4 {[%emt 0:00:43]} 60. Kh4 {[%emt 0:00:12]} Kf5 {[%emt 0:00:02]} 61. h3 {[%emt 0:01:06]} Kf4 {[%emt 0:07:18]} 1/2-1/2

[Event "Kashem Chowdhury Rating-A 2019"]
[Site "Dhaka"]
[Date "2019.05.08"]
[Round "5.10"]
[White "Nayem, Haque"]
[Black "Hossain, Showkat Pollab"]
[Result "0-1"]
[WhiteElo "2106"]
[BlackElo "2150"]
[Annotator "TA"]
[PlyCount "37"]
[EventDate "2019.05.04"]
[EventType "swiss"]
[EventCountry "BAN"]
[SourceTitle "playchess.com"]
[Source "ChessBase"]
[SourceQuality "1"]

{[%evp 12,16,63,64,85,64,66]} 1. e4 d5 2. exd5 Qxd5 3. Nc3 Qa5 4. d4 Nf6 5. Bd2 c6 6. Bc4 Qb6 7. Nf3 Qxb2 {B01: Scandinavian Defence} (7... Bf5 8. Qe2 e6 9. O-O-O Bb4 10. Ne5 Nbd7 11. Nxd7 Nxd7 12. d5 Bxc3 13. Bxc3 cxd5 14. Rxd5 O-O-O 15. Rdd1 {1-0 (48) Kramnik,V (2764)-Malakhov,V (2695) Paris 2004}) 8. Ne5 e6 {[%mdl 32768] Loss on time!?} {Predecessor:} 9. Rb1 $146 Qa3 10. O-O Be7 11. Re1 O-O 12. Ne4 Nxe4 13. Rxe4 Qd6 14. Qh5 b5 15. Rb3 f6 16. Rg4 fxe5 17. Rxg7+ Kxg7 18. Rg3+ Kh8 19. Bd3 {1-0 (19) Degraeve,J (2553)-Tomczak,J (2357) Cappelle-la-Grande 2006} 0-1

[Event "Kashem Chowdhury Rating-A 2019"]
[Site "Dhaka"]
[Date "2019.05.09"]
[Round "6.1"]
[White "Mohammad Fahad, Rahman"]
[Black "Hossain, Enamul"]
[Result "0-1"]
[WhiteElo "2322"]
[BlackElo "2442"]
[Annotator "ChessBase"]
[PlyCount "66"]
[EventDate "2019.05.04"]
[EventType "swiss"]
[EventCountry "BAN"]
[SourceTitle "playchess.com"]
[Source "ChessBase"]
[SourceQuality "1"]
[TimeControl "5400+30"]

1. e4 {[%emt 0:00:00]} c5 {[%emt 0:27:11]} 2. Nf3 {[%emt 0:00:00]} d6 {[%emt 0:00:27]} 3. d4 {[%emt 0:00:10]} cxd4 {[%emt 0:00:07]} 4. Nxd4 {[%emt 0:00:05]} Nf6 {[%emt 0:00:07]} 5. Nc3 {[%emt 0:00:09]} a6 {[%emt 0:00:20]} 6. Bg5 {[%emt 0:03:01]} e6 {[%emt 0:00:13]} 7. f4 {[%emt 0:00:26]} Qc7 {[%emt 0:00:19]} 8. Bd3 {[%emt 0:06:05]} Bd7 {[%emt 0:11:01]} 9. Qe2 {[%emt 0:01:06]} Nc6 {[%emt 0:05:44]} 10. Nxc6 {[%emt 0:04:06]} Bxc6 {[%emt 0:01:40]} 11. O-O-O {[%emt 0:01:16]} Be7 {[%emt 0:01:30]} 12. Kb1 {[%emt 0:19:58]} h6 {[%emt 0:09:31]} 13. Bxf6 {[%emt 0:04:22]} Bxf6 {[%emt 0:00:59]} 14. Nd5 {[%emt 0:01:02]} exd5 {[%emt 0:05:47]} 15. exd5+ {[%emt 0:00:04]} Kf8 {[%emt 0:00:28]} 16. dxc6 {[%emt 0:00:28]} bxc6 {[%emt 0:00:01]} 17. c4 {[%emt 0:04:13]} Re8 {[%emt 0:04:00]} 18. Qf2 {[%emt 0:10:36]} Qa5 {[%emt 0:01:12]} 19. f5 {[%emt 0:05:01]} Kg8 {[%emt 0:04:38]} 20. h4 {[%emt 0:04:57]} h5 {[%emt 0:03:27]} 21. Rhe1 {[%emt 0:07:25]} Kh7 {[%emt 0:01:25]} 22. Be4 {[%emt 0:00:39]} Qb4 {[%emt 0:02:12]} 23. a3 {[%emt 0:19:20]} Qxc4 {[%emt 0:02:25]} 24. Qf3 {[%emt 0:00:09]} Rb8 {[%emt 0:02:21]} 25. Re2 {[%emt 0:00:32]} d5 {[%emt 0:03:32]} 26. Bd3 {[%emt 0:00:06]} Qa4 {[%emt 0:02:14]} 27. Rde1 {[%emt 0:03:03]} Rhd8 {[%emt 0:00:28]} 28. Qxh5+ {[%emt 0:00:12]} Kg8 {[%emt 0:00:02]} 29. Qf3 {[%emt 0:02:23]} c5 {[%emt 0:03:01]} 30. g4 {[%emt 0:02:43]} c4 {[%emt 0:01:14]} 31. g5 {[%emt 0:00:07]} Bxb2 {[%emt 0:01:39]} 32. Rxb2 {[%emt 0:01:24]} Rxb2+ {[%emt 0:00:03]} 33. Kxb2 {[%emt 0:00:06]} Qb3+ {[%emt 0:00:20]} 0-1

[Event "Kashem Chowdhury Rating-A 2019"]
[Site "Dhaka"]
[Date "2019.05.09"]
[Round "6.2"]
[White "Rahman, Ziaur"]
[Black "Mohammad Minhaz Uddin"]
[Result "1/2-1/2"]
[WhiteElo "2485"]
[BlackElo "2294"]
[Annotator "TA"]
[PlyCount "18"]
[EventDate "2019.05.04"]
[EventType "swiss"]
[EventCountry "BAN"]
[SourceTitle "playchess.com"]
[Source "ChessBase"]
[SourceQuality "1"]

{[%evp 9,18,63,65,62,62,52,81,81,87,66,87]} 1. d4 Nf6 2. Bg5 e6 3. e4 c5 4. d5 e5 (4... h6 5. Bxf6 Qxf6 6. Nc3 a6 7. Nf3 e5 8. a4 d6 9. Nd2 h5 10. Nc4 Nd7 11. h4 b6 12. Ra3 {½-½ (42) Sorokin,A (2524)-Chigaev,M (2606) Khanty-Mansiysk 2018}) 5. Nc3 d6 6. Nf3 {A45: Trompowsky Attack} Be7 7. Be2 Nbd7 8. Be3 Nf8 $146 ({Predecessor:} 8... O-O 9. O-O Re8 10. Nd2 Nf8 11. Nc4 Ng6 12. Qd2 Bf8 13. Bd3 Nh5 14. Ne2 b5 {0-1 (44) Dedenon,Q (1400)-Lomandong,M (1603) France 2013}) 9. Bb5+ N6d7 1/2-1/2

[Event "Kashem Chowdhury Rating-A 2019"]
[Site "Dhaka"]
[Date "2019.05.09"]
[Round "6.3"]
[White "Islam, Kh. Aminul"]
[Black "Sumit, Kumar"]
[Result "1/2-1/2"]
[WhiteElo "2229"]
[BlackElo "2201"]
[Annotator "TA"]
[PlyCount "107"]
[EventDate "2019.05.04"]
[EventType "swiss"]
[EventCountry "BAN"]
[SourceTitle "playchess.com"]
[Source "ChessBase"]
[SourceQuality "1"]

{[%evp 13,107,0,0,0,12,10,11,0,17,10,20,20,16,16,29,21,39,12,12,0,0,0,0,0,0,0,4,0,0,0,0,-10,-6,-18,-9,-14,0,-13,-13,-16,5,-22,-23,-21,-29,-29,-39,-30,-35,-32,-16,-26,-29,-22,-23,-31,0,-25,-25,-29,-9,-12,0,0,0,0,0,-13,0,0,0,0,7,0,0,0,0,0,0,0,0,0,0,0,0,0,8,0,0,0,8,0,0,0,0,0]} 1. d4 Nf6 2. Bf4 e6 3. e3 c5 4. Nf3 Nc6 5. c3 d5 6. Nbd2 Bd6 7. dxc5 Bxc5 8. Bd3 {D02: 1 d4 d5 2 Nf3 sidelines, including 2...Nf6 3 g3 and 2...Nf6 3 Bf4} Bd6 (8... h6 9. Qe2 Nh5 10. Bg3 Nxg3 11. hxg3 Bd7 12. e4 dxe4 13. Nxe4 Be7 14. g4 Qc7 15. g5 O-O-O 16. gxh6 gxh6 {½-½ (101) Mamedyarov,S (2809)-Nakamura,H (2787) Moscow 2018}) 9. Bg3 O-O 10. O-O b6 $146 (10... Bxg3 {with more complications.} 11. hxg3 e5 12. e4 Bg4 13. exd5 Qxd5 14. Bc2 Rad8) ({Predecessor:} 10... Bxg3 11. hxg3 e5 12. e4 Be6 13. exd5 Bxd5 14. Re1 Qc7 {½-½ (37) Bieker,P (1998)-Mosshammer,M (1917) ICCF email 2014}) 11. e4 {[#] Threatens to win with e5.} Bxg3 12. hxg3 dxe4 13. Nxe4 Nxe4 14. Bxe4 Bb7 15. Qe2 Qe7 16. Rfe1 Rfd8 17. Qc2 h6 18. Rad1 Qc7 19. Qe2 Ne7 20. Bb1 Nd5 21. Nd4 Nf6 22. Rd2 Rd7 23. Red1 Rad8 24. Bc2 Bd5 25. Ba4 Bc4 26. Qe3 Rd6 27. Bb3 Qc5 28. Bxc4 Qxc4 29. Nb3 Rxd2 30. Rxd2 Rxd2 31. Qxd2 Nd5 32. Qd4 Qe2 33. Qd2 Qe4 34. Qd1 Qc4 35. Nc1 Kf8 36. Qd3 Qxd3 37. Nxd3 $11 {[%mdl 4096] Endgame KN-KN. The position is equal.} f6 38. c4 Nc7 39. Kf1 Ke7 40. Ke2 Kd6 41. Ke3 e5 42. f4 exf4+ 43. gxf4 g6 44. b4 Ne6 45. f5 gxf5 46. a3 h5 47. Nf4 Ng7 48. Kd4 Ne6+ 49. Ke3 Ng7 50. Kd4 Ne6+ 51. Ke3 Ng7 52. g3 Ke5 53. Nd3+ Kd6 54. Kf4 {Accuracy: White = 55%, Black = 70%.} 1/2-1/2

[Event "Kashem Chowdhury Rating-A 2019"]
[Site "Dhaka"]
[Date "2019.05.09"]
[Round "6.4"]
[White "Sonkalan Bharati"]
[Black "Mehdi Hasan Parag"]
[Result "1-0"]
[WhiteElo "2122"]
[BlackElo "2227"]
[Annotator "TA"]
[PlyCount "49"]
[EventDate "2019.05.04"]
[EventType "swiss"]
[EventCountry "BAN"]
[SourceTitle "playchess.com"]
[Source "ChessBase"]
[SourceQuality "1"]

{[%evp 18,49,25,17,27,5,21,8,17,17,25,10,22,0,14,9,16,0,28,0,0,0,0,-122,0,0,0,0,68,77,583,574,1182,1182]} 1. e4 c6 2. d4 d5 3. Nd2 dxe4 4. Nxe4 Bf5 5. Ng3 Bg6 6. h4 h6 7. Nf3 e6 8. Ne5 Bh7 9. Bd3 Bxd3 10. Qxd3 Nd7 {B19: Classical Caro-Kann: 4...Bf5 main line} 11. Qe2 (11. Bf4 Nxe5 12. Bxe5 Qa5+ 13. c3 Nf6 14. Qe2 Nd7 15. Bf4 Be7 16. Ne4 Nf6 17. Nxf6+ Bxf6 18. h5 Bxd4 {½-½ (69) Saric,I (2690)-Eljanov,P (2680) chess.com INT 2019}) 11... Ngf6 12. Bd2 Be7 {The position is equal.} 13. O-O-O Qc7 14. f4 O-O 15. Rh3 c5 $146 ({Predecessor:} 15... Rac8 16. Kb1 c5 17. d5 Nxd5 18. Nh5 N7f6 19. c4 Nb4 20. Rg3 Nxh5 21. Qxh5 {1-0 (34) Josefsson,K (2254)-Hyllengren,A (2191) ICCF email 2010}) 16. d5 Bd6 {[%cal Rd7e5]} 17. Nxf7 Bxf4 ({Don't play} 17... Rxf7 $6 18. dxe6 Re7 19. Nf5 $14) 18. d6 Bxd2+ 19. Rxd2 Qa5 20. Nxh6+ {[#]} (20. Ng5 $1 $11 Rae8 21. N3e4) 20... gxh6 ({Black should play} 20... Kh8 $1 $17 21. Ngf5 exf5) 21. Qxe6+ $11 Kh8 {aiming for ...Rae8.} 22. Nf5 {White wants to play Ne7.} c4 (22... Qa4 $11) 23. Ne7 $1 $14 Kh7 $2 {[%mdl 8192] [#]} (23... Qh5 $16) 24. Rd5 $1 $18 {[%cal Rd5a5][%mdl 512]} Qxa2 {And now ...Qa1+ would win.} (24... Nxd5 25. Qg6+) 25. Ra3 {Accuracy: White = 51%, Black = 41%.} 1-0

[Event "Kashem Chowdhury Rating-A 2019"]
[Site "Dhaka"]
[Date "2019.05.09"]
[Round "6.5"]
[White "Subrota, Biswas"]
[Black "Mohammad, Javed"]
[Result "1-0"]
[WhiteElo "2086"]
[BlackElo "2152"]
[Annotator "RC"]
[PlyCount "145"]
[EventDate "2019.05.04"]
[EventType "swiss"]
[EventCountry "BAN"]
[SourceTitle "playchess.com"]
[Source "ChessBase"]
[SourceQuality "1"]
[TimeControl "5400+30"]

1. d4 Nf6 {[%emt 0:00:00]} 2. Nf3 {[%emt 0:00:00]} c5 {[%emt 0:01:32]} 3. d5 {[%emt 0:00:16]} e6 {[%emt 0:00:13]} 4. c4 {[%emt 0:00:37]} exd5 {[%emt 0:00:08]} 5. cxd5 {[%emt 0:00:03]} d6 {[%emt 0:00:08]} 6. Nc3 {[%emt 0:00:14]} g6 {[%emt 0:00:22]} 7. g3 {[%emt 0:04:56]} Bg7 {[%emt 0:00:43]} 8. Bg2 {[%emt 0:00:02]} a6 {[%emt 0:00:17]} 9. a4 {[%emt 0:01:27]} O-O {[%emt 0:00:45]} 10. O-O {[%emt 0:00:21]} Re8 {[%emt 0:00:53]} 11. Nd2 {[%emt 0:05:04]} Nbd7 {[%emt 0:07:51]} 12. h3 {[%emt 0:02:16]} Rb8 {[%emt 0:02:30]} 13. Nc4 {[%emt 0:04:27]} Ne5 {[%emt 0:03:50]} 14. Na3 {[%emt 0:03:06]} Qc7 {[%emt 0:07:01]} 15. Bg5 {[%emt 0:01:42]} Ned7 {[%emt 0:06:30]} 16. Rc1 {[%emt 0:07:07]} h6 {[%emt 0:01:12]} 17. Bd2 {[%emt 0:02:55]} b6 {[%emt 0:08:56]} 18. b3 {[%emt 0:09:58]} Qd8 {[%emt 0:05:24]} 19. e4 {[%emt 0:07:46]} Ne5 {[%emt 0:00:16]} 20. Qc2 {[%emt 0:00:50]} g5 {[%emt 0:09:14]} 21. Nc4 {[%emt 0:08:33]} b5 {[%emt 0:10:06]} 22. Nxe5 {[%emt 0:01:45]} Rxe5 {[%emt 0:00:18]} 23. axb5 {[%emt 0:01:50]} axb5 {[%emt 0:00:03]} 24. Ra1 {[%emt 0:04:58]} b4 {[%emt 0:00:20]} 25. Na4 {[%emt 0:02:25]} g4 {[%emt 0:08:54]} 26. hxg4 {[%emt 0:01:30]} Nxg4 {[%emt 0:00:48]} 27. f3 {[%emt 0:00:12]} Rh5 {[%emt 0:02:46]} 28. fxg4 {[%emt 0:01:21]} Bd4+ {[%emt 0:00:26]} 29. Rf2 {[%emt 0:00:01]} Bxg4 {[%emt 0:07:02]} 30. Re1 {[%emt 0:00:47]} Bxf2+ {[%emt 0:05:01]} 31. Kxf2 {[%emt 0:00:43]} Qf6+ {[%emt 0:02:19]} 32. Bf4 {[%emt 0:00:29]} c4 {[%emt 0:03:00]} 33. bxc4 {[%emt 0:01:34]} Bd7 {[%emt 0:03:28]} 34. Nb2 {[%emt 0:00:41]} b3 {[%emt 0:01:14]} 35. Qe2 {[%emt 0:00:38]} Rg5 {[%emt 0:00:29]} 36. Bf3 {[%emt 0:00:31]} Ra8 {[%emt 0:00:36]} 37. e5 {[%emt 0:02:19]} Rxe5 {[%emt 0:02:38]} 38. Bxe5 {[%emt 0:00:56]} dxe5 {[%emt 0:00:06]} 39. Qxe5 {[%emt 0:00:46]} Qxe5 {[%emt 0:00:53]} 40. Rxe5 {[%emt 0:00:02]} Ra2 {[%emt 0:00:05]} 41. Re2 {[%emt 0:00:22]} Kf8 {[%emt 0:01:13]} 42. d6 {[%emt 0:00:55]} Be6 {[%emt 0:00:43]} 43. c5 {[%emt 0:00:52]} Ra5 {[%emt 0:00:38]} 44. c6 {[%emt 0:01:55]} Ke8 {[%emt 0:00:12]} 45. Nd3 {[%emt 0:00:29]} Kd8 {[%emt 0:00:54]} 46. Ne5 {[%emt 0:01:46]} Ra2 {[%emt 0:00:16]} 47. Nd3 {[%emt 0:01:53]} Bf5 {[%emt 0:00:36]} 48. Nb2 {[%emt 0:00:39]} Be6 {[%emt 0:00:17]} 49. Ke3 {[%emt 0:00:19]} Ra1 {[%emt 0:00:16]} 50. Kd4 {[%emt 0:00:24]} Rc1 {[%emt 0:00:12]} 51. Bd5 {[%emt 0:00:34]} Rc2 {[%emt 0:01:06]} 52. Bxe6 {[%emt 0:00:37]} Rxc6 {[%emt 0:00:27]} 53. Bxf7 {[%emt 0:00:15]} Rxd6+ {[%emt 0:00:11]} 54. Kc3 {[%emt 0:00:28]} Rf6 {[%emt 0:00:25]} 55. Bd5 {[%emt 0:00:15]} Rg6 {[%emt 0:00:33]} 56. Re3 {[%emt 0:00:07]} Kd7 {[%emt 0:00:14]} 57. Nd3 {[%emt 0:00:08]} Kd6 {[%emt 0:00:32]} 58. Bxb3 {[%emt 0:00:03]} h5 {[%emt 0:00:16]} 59. Bd1 {[%emt 0:00:49]} Rg5 {[%emt 0:00:31]} 60. Nf4 {[%emt 0:00:06]} h4 {[%emt 0:00:47]} 61. gxh4 {[%emt 0:00:04]} Rf5 {[%emt 0:00:14]} 62. Re4 {[%emt 0:00:08]} Rc5+ {[%emt 0:00:13]} 63. Kd3 {[%emt 0:00:11]} Rc1 {[%emt 0:00:09]} 64. Ke3 {[%emt 0:00:12]} Rxd1 {[%emt 0:01:21]} 65. Rd4+ {[%emt 0:00:03]} Rxd4 {[%emt 0:00:40]} 66. Kxd4 {[%emt 0:00:02]} Ke7 {[%emt 0:00:06]} 67. Ke5 {[%emt 0:00:01]} Kf7 {[%emt 0:00:11]} 68. Kf5 {[%emt 0:00:14]} Kg7 {[%emt 0:00:03]} 69. Kg5 {[%emt 0:00:04]} Kh7 {[%emt 0:00:06]} 70. h5 {[%emt 0:00:02]} Kh8 {[%emt 0:00:08]} 71. Kg6 {[%emt 0:00:14]} Kg8 {[%emt 0:00:04]} 72. h6 {[%emt 0:00:20]} Kh8 {[%emt 0:00:06]} 73. Nd3 {[%emt 0:00:18]} 1-0

[Event "Kashem Chowdhury Rating-A 2019"]
[Site "Dhaka"]
[Date "2019.05.09"]
[Round "6.6"]
[White "Ahmed, Sk. Nasir"]
[Black "Abdul, Momin"]
[Result "1-0"]
[WhiteElo "2170"]
[BlackElo "2037"]
[Annotator "TA"]
[PlyCount "63"]
[EventDate "2019.05.04"]
[EventType "swiss"]
[EventCountry "BAN"]
[SourceTitle "playchess.com"]
[Source "ChessBase"]
[SourceQuality "1"]

{[%evp 9,63,18,17,17,14,12,19,2,18,7,14,0,54,27,39,35,15,4,44,-21,-6,-13,0,-2,0,-1,0,-6,-4,-21,367,362,634,596,502,425,496,286,247,206,210,197,202,207,195,199,280,290,430,428,448,441,29988,29988,29988,29982]} 1. e4 c5 2. Nf3 d6 3. g3 Nf6 4. Nc3 a6 5. a4 (5. Bg2 e6 6. O-O Be7 7. e5 dxe5 8. Nxe5 O-O 9. a4 Nbd7 10. Nc4 Nb6 11. d3 Nbd5 12. Re1 {1-0 (69) Anand,V (2773)-Salem,A (2660) St Petersburg 2018}) 5... Nc6 6. Bg2 {B50: Sicilian: 2...d6, Miscellaneous} Bg4 7. h3 $146 ({Predecessor:} 7. d3 e6 8. O-O Be7 9. Qe1 Nb4 10. Qd2 O-O 11. d4 Bxf3 12. Bxf3 cxd4 {0-1 (48) Le Scraigne,E (1670)-Duval,D (1760) Elancourt 2003}) 7... Bh5 8. d3 {The position is equal.} e6 9. Ne2 Be7 10. O-O Ne5 (10... d5 $11) 11. Nh2 {Threatens to win with g4.} h6 12. f4 Nc6 13. Nf3 d5 14. e5 (14. Ne5 $14) 14... Nd7 $1 $11 15. g4 Bg6 16. Ng3 Qb6 17. a5 Nxa5 18. f5 {Hoping for Bd2.} Bh7 19. Nh5 $1 {[%cal Rh5g7]} O-O $2 {[%mdl 8192] [#]} (19... c4+ $11 {and Black has nothing to worry.} 20. Kh1 O-O-O) 20. f6 $1 $18 {[%mdl 512]} gxf6 $2 {[#]} (20... c4+ 21. d4 gxf6) 21. Qd2 $1 {[%mdl 576] Double Attack} Kh8 22. exf6 (22. Qxa5 Qxa5 23. Rxa5 fxe5 $16) (22. Rxa5 fxe5 23. Qxh6 Rg8 $18) 22... c4+ 23. d4 (23. Kh1 $142 Bd6 24. Rxa5) 23... Nxf6 24. Nxf6 $40 {[%mdl 128] White attacks with force.} ({Don't take} 24. Qxa5 $6 Qxa5 25. Rxa5 Nxh5 $16) 24... Bxf6 25. Rxa5 Bg7 26. Ra1 e5 27. Qa5 Qa7 (27... Qxa5 {was called for.} 28. Rxa5 exd4 29. Rxd5 Rad8) 28. Qxd5 {[%mdl 64] Double Attack} exd4 (28... Rad8 $142 29. Qc5 Qxc5 30. dxc5 e4) 29. Ne5 {[%mdl 64] Double Attack} d3+ 30. Kh1 Rad8 (30... Bg8 $18 31. cxd3 Rad8) 31. Nxf7+ {[%mdl 64] Overworked Piece} Rxf7 32. Qxd8+ {Accuracy: White = 57%, Black = 36%.} 1-0

[Event "Kashem Chowdhury Rating-A 2019"]
[Site "Dhaka"]
[Date "2019.05.09"]
[Round "6.7"]
[White "Hossain, Showkat Pollab"]
[Black "Avik, Sarker"]
[Result "0-1"]
[WhiteElo "2150"]
[BlackElo "2000"]
[Annotator "TA"]
[PlyCount "62"]
[EventDate "2019.05.04"]
[EventType "swiss"]
[EventCountry "BAN"]
[SourceTitle "playchess.com"]
[Source "ChessBase"]
[SourceQuality "1"]

{[%evp 17,62,12,2,0,13,0,4,0,31,0,7,7,25,16,14,0,31,-64,-66,-457,-504,-578,-572,-533,-584,-922,-931,-931,-923,-906,-897,-903,-906,-1330,-1329,-2279,-2231,-3262,-1008,-1865,-2050,-1817,-1561,-5295,-3647,-29989,-29990]} 1. e4 e5 2. Nf3 Nf6 3. Nxe5 d6 4. Nf3 Nxe4 5. Nc3 Nxc3 6. dxc3 Be7 7. Bf4 O-O 8. Qd2 Nd7 {[%cal Bb8d7,Bd7c5,Bc5e4][%mdl 32]} 9. O-O-O Nc5 10. Re1 {C42: Petroff Defence: 3 Nxe5 and unusual White 3rd moves} (10. Be3 Re8 11. Bc4 Be6 12. Bxe6 Nxe6 13. h4 Qd7 14. Qd3 Qc6 15. Qf5 Qc4 16. Ng5 Bxg5 17. hxg5 Nf8 {½-½ (27) Salgado Lopez,I (2651)-Ipatov,A (2657) Izmir 2016}) 10... Be6 11. Kb1 d5 $146 ({Predecessor:} 11... Bf5 12. Nd4 Bg6 13. g3 a5 14. h4 Bh5 15. f3 h6 16. g4 Bg6 17. g5 h5 {1-0 (47) Kroliczek,G-Pisarek,E Jastrzebia Gora 2014}) 12. Nd4 {The position is equal.} Ne4 13. Qe2 c5 14. Nxe6 fxe6 15. g3 {Black must now prevent Bg2.} Qb6 16. Kc1 {[#]} e5 $1 {[%mdl 512]} 17. Be3 (17. Qh5 $14) (17. Bxe5 Rxf2) 17... Qa5 $36 {[%mdl 2048] Black has the initiative.} 18. f3 $2 {[%mdl 8192] [#]} ({Only move:} 18. a3 $1 $15) 18... Rxf3 $3 $19 {[%mdl 512]} 19. Kb1 {[#]} (19. Qxf3 Qxa2) 19... Rf6 $1 {[%cal Rf6a6]} 20. Bg2 {[#]} Ra6 $1 21. Bxe4 Qxa2+ ({Not} 21... dxe4 22. Qc4+ Kh8 23. Rd1 $14) 22. Kc1 dxe4 23. Rd1 Qa1+ 24. Kd2 Rd8+ 25. Bd4 Qa2 26. b3 cxd4 27. Qxe4 Qa5 28. b4 Qc7 29. Ke2 Qxc3 {Strongly threatening ...Ra2.} 30. Rhf1 {[#]} Ra2 $1 31. Rd2 {[#]} d3+ $1 {[%mdl 64] Double Attack. Accuracy: White = 17%, Black = 83%.} 0-1